000 01130cam a2200301 a 4500
001 31528
003 BD-RjUL
005 20211209051719.0
008 140420s1987 ii b f001 0 eng d
020 _a8120803892 :
035 _a(BD-RjUL)31616
040 _aDLC
_cDLC
_dDLC
_dBD-RjUL
_beng
041 _aeng
082 0 0 _a181.4
_220
_bIND 1987
245 0 0 _aIndia's intellectual traditions :
_battempts at conceptual reconstructions /
_cedited by Daya Krishna.
260 _aNew Delhi :
_bIndian Council of Philosophical Research :
_aDelhi :
_bMotilal Banarsidass,
_c1987.
300 _axxvii, 200 p. ;
_c23 cm.
500 _aResult of interdisciplinary group meetings held during 1983 sponsored by the Indian Council of Philosophical Research.
504 _aIncludes bibliographical references and Index
650 0 _aPhilosophy, Indic
_xHistory.
_992838
650 0 _aConcepts
_xHistory.
_995961
651 0 _aIndia
_xIntellectual life.
_995962
700 1 _aKrishna, Daya.
_995963
710 2 _aIndian Council of Philosophical Research.
_995964
942 _2ddc
_cBK
999 _c31528
_d31528